000 04007nam a22003857a 4500
003 CHAP
005 20250707171143.0
007 ta
008 250611s2024 mx adbo|sm||| 001 0 spa d
040 _erda
041 _aspa
_beng
100 1 _aBustamante Corona, Metzli
_9187955
240 1 0 _aCo-digestion of poultry agroindustrial waste in the presence of sargassum.
_lEspañol
245 1 0 _aCodigestión de residuos agroindustriales avícolas en presencia de sargazo /
_cMetzli Bustamante Corona
264 _aChapingo, México :
_bEl autor,
_c2024
300 _a1 recurso en línea (xi, 57 páginas) :
_bilustraciones, tablas, gráficas, mapas, fotografías
336 _2rdacontent
_atexto
_btxt
337 _2rdamedia
_acomputadora
_bc
338 _2rdacarrier
_arecurso en línea
_bcr
502 _aTesis
_bMCTA
_cAgroindustrias
_d2024
_gMAE
504 _aIncluye bibliografías
520 3 _aLos intentos de eliminación y control de sargazo en la región del Caribe mexicano no han tenido éxito, han sido costosos y han llevado tiempo, por lo que esta biomasa ha sido motivo de diversos estudios para ser utilizada en codigestión anaeróbica como uno de los métodos para explotar las algas y obtener bioenergía. Por lo que se evaluó el efecto de la co-digestión sargazo:pollinaza sobre la producción de biogás mediante el análisis de su potencial bioquímico de metano (PBM). Se realizaron 6 tratamientos en el orden sargazo (S): pollinaza (P) con las siguientes proporciones 0:100, 35:65, 50:50, 65:35, 85:15 y 100:0 en microcosmos de 240 mL durante 90 d, siendo la mono-digestión 0S:100P la que tuvo mayor rendimiento de PBM con 126.63 mL CH4 𝑔𝑠𝑣𝑎−1, seguido de la co-digestión 35S:65P con rendimiento de 117.26 mL CH4 𝑔𝑠𝑣𝑎−1, que mejoró en un 63% la producción de metano con respecto a la mono-digestión de sargazo de 71.71 CH4 𝑔𝑠𝑣𝑎−1. No obstante, en los tratamientos de co-digestión se reportó sinergia en un rango de 0.67 a 13.14%, demostrando así que el sargazo en co-digestión con pollinaza tiene interacciones positivas. --
520 3 _aThe influx of sargassum in the Mexican Caribbean region has increased considerably, causing problems for the environmental, economic and health. The attempts at elimination and control have not been unsuccessful, costly and time consuming, so this biomass has been the subject of diverse studies to be used in anaerobic co-digestion with chicken litter as one of the methods to exploit the algae and obtain bioenergy. Therefore, the effect of sargassum-chicken litter co-digestion on biogas production was evaluated by analyzing its biochemical methane potential (MBP). Six treatments were performed in the order sargassum (S): chicken litter (CL) with the following ratios 0:100, 35:65, 50:50, 65:35, 85:15 and 100:0 in 240 mL microcosms, for 90 d, being the 0S:100P mono-digestion the one with the highest PBM yield with 126.63 CH4 𝑔𝑠𝑣𝑎−1, followed by the 35S:65P co-digestion with yield of 117. 26 mL CH4 𝑔𝑠𝑣𝑎−1. which improved methane production by 63% over the sargassum mono-digestion of 71.71 CH4 𝑔𝑠𝑣𝑎−1. However, in the co-digestion treatments, synergy was reported in a range from 0.67 to 13.14%, demonstrating that sargassum in co-digestion with chicken litter has positive interactions.
650 1 3 _aProducción de metano
_2atg
_9144099
650 1 3 _aDigestión anaeróbica
_2atg
_9134402
650 1 3 _aEstiércol de las aves de corral
_2atg
_9157670
650 1 3 _aMethane production
_2atg
_9162552
650 1 3 _aAnaerobic digestion
_2atg
_9154964
650 1 3 _aPoultry manure
_2atg
_9157671
700 1 _aEspinosa Solares, Teodoro
_9153069
_edirector
700 1 _aHernández Eugenio, Guadalupe
_9147931
_easesor
700 1 _aOchoa Bernal, Thalia Guadalupe
_9189829
_easesora
856 4 0 _uhttp://10.13.5.2/tesis/tm/2212044-6_BUSTAMANTE_CORONA_METZLI.pdf
_yDESCARGAR PDF
942 _2Clasificación Universidad Autónoma Chapingo
_cTD
999 _c220591
_d220591